OPERATIONS RESEARCH (Record no. 16251)

MARC details
000 -LEADER
fixed length control field 00301nam a22001457a 4500
003 - CONTROL NUMBER IDENTIFIER
control field SGT
020 ## - INTERNATIONAL STANDARD BOOK NUMBER
International Standard Book Number 9789325963474
082 ## - DEWEY DECIMAL CLASSIFICATION NUMBER
Classification number 658.5
Item number KAL
100 ## - MAIN ENTRY--PERSONAL NAME
Personal name KALAVATHY, S.
245 ## - TITLE STATEMENT
Title OPERATIONS RESEARCH
250 ## - EDITION STATEMENT
Edition statement 4TH
260 ## - PUBLICATION, DISTRIBUTION, ETC. (IMPRINT)
Name of publisher, distributor, etc VIKAS PUBLISHING
Year of Publication 2018
300 ## - PAGE DESCRIPTION
No. of Pages 533
942 ## - ADDED ENTRY ELEMENTS (KOHA)
Source of classification or shelving scheme Dewey Decimal Classification
Koha item type Books
942 ## - ADDED ENTRY ELEMENTS (KOHA)
-- 51
Holdings
Withdrawn status Lost status Source of classification or shelving scheme Damaged status Not for loan Collection code Home library Current library Shelving location Date acquired Vendor Name Cost, normal purchase price SGTU Bill Number Total Checkouts Full call number Accession No. (Barcode) Date last seen Date last borrowed Bill Date Koha item type
    Dewey Decimal Classification     COMMERCE MANAGEMENT SGT Science & Social Sciences Library SGT Science & Social Sciences Library Text Book 11/12/2018 KIRTI PRAKASHAN 499.00 SGTU IN1748 18 658.5 KAL CM4826 22/10/2024 22/10/2024   Books
    Dewey Decimal Classification     COMMERCE MANAGEMENT SGT Science & Social Sciences Library SGT Science & Social Sciences Library Text Book 11/12/2018 KIRTI PRAKASHAN 499.00 SGTU IN1748 13 658.5 KAL CM4827 30/07/2025 29/07/2025   Books
    Dewey Decimal Classification     COMMERCE MANAGEMENT SGT Science & Social Sciences Library SGT Science & Social Sciences Library Text Book 11/12/2018 KIRTI PRAKASHAN 499.00 SGTU IN1748 20 658.5 KAL CM4828 26/06/2025 25/06/2025   Books
    Dewey Decimal Classification     COMMERCE MANAGEMENT SGT Science & Social Sciences Library SGT Science & Social Sciences Library Text Book 11/12/2018 KIRTI PRAKASHAN 499.00 SGTU IN1748 15 658.5 KAL CM4829 01/06/2024 01/06/2024   Books
    Dewey Decimal Classification     COMMERCE MANAGEMENT SGT Science & Social Sciences Library SGT Science & Social Sciences Library Text Book 11/12/2018 KIRTI PRAKASHAN 499.00 SGTU IN1748 21 658.5 KAL CM4830 26/06/2025 25/06/2025   Books